| 000 | 00436nam a2200157Ia 4500 | ||
|---|---|---|---|
| 008 | 210716s1993 xx 000 0 und d | ||
| 020 | _a8185623899 | ||
| 041 | _aeng | ||
| 082 | _a006.620288 ARMS | ||
| 100 | _aArmbrust, Steven; Forgeron, Ted. | ||
| 245 | _aProgrammers reference manual for ibm personal computers. | ||
| 250 | _a1 | ||
| 260 |
_aNew Delhi _bGalgotia Publications Pvt Ltd _c1993 |
||
| 300 | _avi,727 | ||
| 650 | _aNone | ||
| 999 |
_c182610 _d182610 |
||